[Event "4NCL 3 South pool A"]
[Site "Telford, ENG"]
[Date "2018.02.10"]
[Round "5.11"]
[White "Willmoth, Robert F"]
[Black "Cocks, Elliot"]
[Result "1-0"]
[WhiteElo "2290"]
[BlackElo "2078"]
[PlyCount "125"]
[EventDate "2018.02.10"]

1. d4 d5 2. c4 e6 3. g3 Nf6 4. Bg2 Be7 5. Nf3 O-O 6. O-O dxc4 7. Qc2 a6 8. Qxc4
b5 9. Qc2 Bb7 10. Rd1 Be4 11. Qd2 b4 12. Qe1 Nbd7 13. Ne5 Bxg2 14. Kxg2 Nb6 15.
e4 Qe8 16. Nd2 c5 17. dxc5 Bxc5 18. Nb3 Be7 19. f3 Qb5 20. f4 Rac8 21. Nd4 Qc5
22. Kh1 Nc4 23. Nef3 Qc7 24. b3 Nb6 25. Qe2 Qb7 26. Re1 Nbd7 27. e5 Nd5 28. Bb2
Nc3 29. Qg2 Ne4 30. Re2 Ndc5 31. Ne1 Rfd8 32. Rc1 Bf8 33. Rc4 a5 34. Ndc2 Qd5
35. Rd4 Qc6 36. Rdxe4 Nxe4 37. Qxe4 Qxe4+ 38. Rxe4 Rd1 39. Re2 Rxc2 40. Rxc2
Rxe1+ 41. Kg2 Rd1 42. Kf2 Rd5 43. Bc1 g6 44. Be3 a4 45. bxa4 Ra5 46. Ke2 Rxa4
47. Bc1 Ra5 48. Kd3 h5 49. Kc4 h4 50. Bd2 hxg3 51. hxg3 Ra3 52. Bxb4 Ra4 53. a3
Rxa3 54. Bxa3 Bxa3 55. Kb5 Kg7 56. Kc6 g5 57. Kd7 Kg6 58. fxg5 Bf8 59. Ke8 Bg7
60. Re2 Bh8 61. Kf8 Kxg5 62. Kxf7 Kf5 63. g4+ 1-0

[Event "4NCL 3 South pool A"]
[Site "Telford, ENG"]
[Date "2018.02.10"]
[Round "5.12"]
[White "Myall, Ivan J"]
[Black "Villiers, Thomas"]
[Result "0-1"]
[WhiteElo "2042"]
[BlackElo "2230"]
[PlyCount "68"]
[EventDate "2018.02.10"]

1. e4 Nf6 2. Nc3 e5 3. Bc4 Nxe4 4. Qh5 Nd6 5. Bb3 Nc6 6. Nb5 g6 7. Qf3 f5 8.
Qd5 Qe7 9. Nxc7+ Kd8 10. Nxa8 b6 11. Ne2 Bb7 12. Nxb6 axb6 13. Qd3 Bg7 14. O-O
h5 15. Qe3 h4 16. Qxb6+ Ke8 17. d4 h3 18. g3 exd4 19. Nf4 g5 20. Nd5 Qe2 21.
Bxg5 Qf3 22. Nf4 Ne7 23. Qxb7 Qxb7 24. Rfe1 Ne4 25. Bxe7 Kxe7 26. f3 Be5 27.
Nd5+ Kd8 28. fxe4 f4 29. gxf4 Qa6 30. Kh1 Qg6 31. Re2 d3 32. cxd3 Bd4 33. Rc2
Qg4 34. Rf1 Rg8 0-1

[Event "4NCL 3 South pool A"]
[Site "Telford, ENG"]
[Date "2018.02.10"]
[Round "5.13"]
[White "Brozel, Sacha"]
[Black "Brown, David"]
[Result "1-0"]
[WhiteElo "2230"]
[BlackElo "1959"]
[PlyCount "50"]
[EventDate "2018.02.10"]

1. d4 d5 2. c4 e6 3. Nf3 Nf6 4. g3 Be7 5. Bg2 O-O 6. O-O Nbd7 7. Qc2 c6 8. Nbd2
b6 9. e4 Nxe4 10. Nxe4 dxe4 11. Qxe4 Bb7 12. Rd1 Qc8 13. Qc2 c5 14. d5 exd5 15.
cxd5 Bd6 16. b3 Re8 17. Bb2 Nf8 18. Ng5 Qd7 19. f4 h6 20. Qc3 f6 21. Ne4 Re7
22. Nxf6+ gxf6 23. Qxf6 Nh7 24. Qh8+ Kf7 25. Qxh7+ Ke8 1-0

[Event "4NCL 3 South pool A"]
[Site "Telford, ENG"]
[Date "2018.02.10"]
[Round "5.14"]
[White "Sheerin, Alex"]
[Black "Ethelontis, Alexandros N"]
[Result "0-1"]
[WhiteElo "1930"]
[BlackElo "2125"]
[PlyCount "58"]
[EventDate "2018.02.10"]

1. d4 e6 2. Bf4 Nf6 3. e3 b6 4. Nf3 Bb7 5. Nbd2 Be7 6. c3 O-O 7. Bd3 Nh5 8. Bg3
f5 9. O-O Nc6 10. Ne5 Nxg3 11. Nxc6 Bxc6 12. hxg3 Qe8 13. e4 fxe4 14. Nxe4 Qf7
15. f4 g6 16. g4 Qg7 17. Qc2 Qh6 18. g5 Qh4 19. Nd2 Rxf4 20. Rxf4 Qxf4 21. Bxg6
Qe3+ 22. Kf1 Rf8+ 23. Nf3 Bxf3 24. Bxh7+ Kh8 25. gxf3 Rxf3+ 26. Kg2 Rg3+ 27.
Kh2 Rh3+ 28. Kg2 Qf3+ 29. Kg1 Rh1# 0-1

[Event "4NCL 3 South pool A"]
[Site "Telford, ENG"]
[Date "2018.02.10"]
[Round "5.15"]
[White "Eden, Tomer"]
[Black "Hall, Antony C"]
[Result "1-0"]
[WhiteElo "2185"]
[BlackElo "1930"]
[PlyCount "125"]
[EventDate "2018.02.10"]

1. e4 d6 2. d4 Nf6 3. f3 g6 4. c4 Bg7 5. Nc3 O-O 6. Be3 Nc6 7. Nge2 e5 8. d5
Ne7 9. Qd2 Ne8 10. g4 f5 11. gxf5 gxf5 12. O-O-O f4 13. Bf2 Ng6 14. h4 h5 15.
Bh3 Bxh3 16. Rxh3 Qd7 17. Rh2 Kh7 18. Ng1 Bh6 19. Nh3 Ng7 20. Rg1 Ne7 21. Ng5+
Kh8 22. c5 Rf6 23. Qd3 a6 24. Kb1 Rd8 25. Rhg2 Rdf8 26. c6 Qc8 27. cxb7 Qxb7
28. Qc4 Rb8 29. b3 Rff8 30. Rc1 Qb4 31. Qxb4 Rxb4 32. Na4 Bxg5 33. Rxg5 Rb7 34.
Nb2 Kh7 35. Nc4 Rb5 36. Kb2 Rf7 37. a4 Rb8 38. Na5 Ng6 39. Nc6 Ra8 40. Rcg1 Ne7
41. Na5 Ng8 42. b4 Nf6 43. Rc1 Nge8 44. Kb3 Rg7 45. Rxg7+ Kxg7 46. Nc6 Kf7 47.
Na7 Nd7 48. Ka3 Ke7 49. a5 Kf7 50. Ka4 Ke7 51. b5 axb5+ 52. Nxb5 Kd8 53. Na7
Nf8 54. a6 Kd7 55. Ka5 Ng6 56. Nc6 Ne7 57. Nxe7 Kxe7 58. a7 Kd7 59. Ka6 Kc8 60.
Rg1 c5 61. dxc6 Kc7 62. Bb6+ Kxc6 63. Rc1+ 1-0

[Event "4NCL 3 South pool A"]
[Site "Telford, ENG"]
[Date "2018.02.10"]
[Round "5.16"]
[White "Woodcock, Keith D"]
[Black "Pollack, Oscar"]
[Result "0-1"]
[WhiteElo "1735"]
[BlackElo "2072"]
[PlyCount "47"]
[EventDate "2018.02.10"]

1. d4 Nf6 2. Nc3 d5 3. Bg5 Nbd7 4. e4 Nxe4 5. Nxe4 dxe4 6. f3 exf3 7. Nxf3 Nf6
8. Bc4 e6 9. O-O Be7 10. Qe1 a6 11. c3 b5 12. Bd3 Bb7 13. Qh4 Nd5 14. Qh5 Nf6
15. Qh3 Ne4 16. Bc1 Ng5 17. Nxg5 Bxg5 18. Qh5 Bf6 19. Bg5 Qd5 20. Qe2 Qxg5 21.
Rae1 O-O 22. Qf2 Rad8 23. Re3 Bxg2 24. Qxg2 0-1

[Event "4NCL 3 South pool A"]
[Site "Telford, ENG"]
[Date "2018.02.10"]
[Round "5.21"]
[White "Brown, Thomas"]
[Black "Lock, Gavin R"]
[Result "1/2-1/2"]
[WhiteElo "2085"]
[BlackElo "2128"]
[PlyCount "35"]
[EventDate "2018.02.10"]

1. Nf3 d5 2. g3 c6 3. Bg2 Bg4 4. O-O Nd7 5. d3 Ngf6 6. c4 e6 7. cxd5 cxd5 8.
Nc3 Be7 9. h3 Bxf3 10. Bxf3 O-O 11. e4 dxe4 12. dxe4 Ne5 13. Bg2 Bc5 14. Qe2
Qd3 15. Qxd3 Nxd3 16. Na4 Bd4 17. Rd1 Nxc1 18. Raxc1 1/2-1/2

[Event "4NCL 3 South pool A"]
[Site "Telford, ENG"]
[Date "2018.02.10"]
[Round "5.22"]
[White "Pleasants, Allan J"]
[Black "Trevelyan, John"]
[Result "1/2-1/2"]
[WhiteElo "2115"]
[BlackElo "2034"]
[PlyCount "75"]
[EventDate "2018.02.10"]

1. e4 d6 2. d4 e5 3. Nf3 Nc6 4. h3 Nf6 5. Nc3 exd4 6. Nxd4 Nxe4 7. Nxe4 Qe7 8.
f3 d5 9. Bb5 Bd7 10. O-O dxe4 11. Bxc6 bxc6 12. fxe4 g6 13. Bf4 Bg7 14. c3 O-O
15. Qc2 $11 15... c5 16. Nf3 Bc6 17. Rae1 Rfe8 18. e5 c4 19. Qf2 Bxf3 20. Qxf3
Rab8 21. Qc6 Rxb2 22. Qxc4 Qe6 23. Re4 Rxa2 24. Qxc7 Bf8 25. Qc4 Rc8 26. Qxe6
fxe6 27. Rd1 Rc7 28. Rd8 Kf7 29. Bg5 Bc5+ 30. Kh2 Be7 31. Rf4+ Kg7 32. Bf6+
Bxf6 33. exf6+ Kf7 34. Rh8 e5 35. Rxh7+ Kf8 36. Rh8+ Kf7 37. Rh7+ Kf8 38. Rh8+
1/2-1/2

[Event "4NCL 3 South pool A"]
[Site "Telford, ENG"]
[Date "2018.02.10"]
[Round "5.23"]
[White "Heaven, Pete"]
[Black "Wilson, Jaimie"]
[Result "1-0"]
[WhiteElo "2024"]
[BlackElo "2125"]
[PlyCount "61"]
[EventDate "2018.02.10"]

1. e4 e5 2. Nf3 Nc6 3. Bb5 a6 4. Ba4 Nf6 5. O-O Be7 6. Re1 b5 7. Bb3 d6 8. c3
O-O 9. h3 Na5 10. Bc2 c5 11. d4 Nd7 12. Nbd2 Re8 13. Nf1 exd4 14. cxd4 Bf6 15.
Ne3 Nb6 16. e5 dxe5 17. dxe5 Be7 18. Be4 Ra7 19. Qc2 g6 20. Bd2 Nac4 21. Nxc4
Nxc4 22. Bf4 Bb7 23. e6 f5 24. Bxb7 Rxb7 25. Rad1 Qc8 26. b3 Na3 27. Qb2 b4 28.
Bh6 Bf8 29. Bxf8 Rxf8 30. e7 Re8 31. Qf6 1-0

[Event "4NCL 3 South pool A"]
[Site "Telford, ENG"]
[Date "2018.02.10"]
[Round "5.24"]
[White "Isaakidis, Alexandros"]
[Black "Ralphs, Nigel"]
[Result "1-0"]
[WhiteElo "2072"]
[BlackElo "2003"]
[PlyCount "71"]
[EventDate "2018.02.10"]

1. e4 e5 2. Nf3 Nc6 3. Bb5 a6 4. Ba4 Nf6 5. O-O Be7 6. Re1 b5 7. Bb3 d6 8. c3
O-O 9. d4 Bg4 10. Be3 Na5 11. dxe5 Bxf3 12. Qxf3 dxe5 13. Bc2 Nc4 14. Bc1 c5
15. b3 Nb6 16. Nd2 c4 17. Nf1 Qc7 18. Bb2 a5 19. Rad1 Rfd8 20. Ne3 g6 21. g4
Rxd1 22. Rxd1 Rd8 23. Nd5 Nfxd5 24. exd5 Qc5 25. b4 axb4 26. cxb4 Qc7 27. a3
Bg5 28. h4 Bf4 29. Kg2 c3 30. d6 Rxd6 31. Rxd6 Qxd6 32. Bxc3 Nc4 33. a4 bxa4
34. Qa8+ Kg7 35. Qe4 Qf6 36. Qxc4 1-0

[Event "4NCL 3 South pool A"]
[Site "Telford, ENG"]
[Date "2018.02.10"]
[Round "5.25"]
[White "Hatchett, Paul"]
[Black "McDougall, William M"]
[Result "0-1"]
[WhiteElo "1982"]
[BlackElo "2048"]
[PlyCount "90"]
[EventDate "2018.02.10"]

1. e4 c5 2. Nf3 d6 3. c3 Nf6 4. Bd3 e6 5. O-O Be7 6. Bc2 b6 7. d4 cxd4 8. cxd4
Bb7 9. Nc3 O-O 10. Re1 Na6 11. a3 Rc8 12. Bf4 Nc7 13. h3 Ba6 14. a4 Bb7 15. g4
Na6 16. Rc1 Nb4 17. Bb1 d5 18. e5 Ne4 19. Nxe4 dxe4 20. Bxe4 Bxe4 21. Rxe4 Qd5
22. Re3 Rxc1 23. Qxc1 Qd7 24. Rc3 Qxa4 25. Be3 Na2 26. Rc4 Qb5 27. Qc2 Nb4 28.
Qb3 Qd5 29. Nd2 a5 30. Rc7 Qd8 31. Rb7 Nd5 32. Qc2 Bg5 33. Nf1 h6 34. Qc6 Qa8
35. Bxg5 hxg5 36. Ne3 Nf4 37. Rxb6 Nxh3+ 38. Kf1 Qxc6 39. Rxc6 Rb8 40. Nc4 Rb4
41. Rc8+ Kh7 42. Ke1 a4 43. Rc7 Kg6 44. Nd6 Rxb2 45. Nxf7 a3 0-1

[Event "4NCL 3 South pool A"]
[Site "Telford, ENG"]
[Date "2018.02.10"]
[Round "5.26"]
[White "Simons, Martin J"]
[Black "Bevan, Peter M"]
[Result "1-0"]
[WhiteElo "2025"]
[BlackElo "1920"]
[PlyCount "81"]
[EventDate "2018.02.10"]

1. e4 d5 2. d4 dxe4 3. Nc3 c6 4. Bc4 Nf6 5. f3 Bf5 6. g4 Bg6 7. g5 Nd5 8. Nxe4
e6 9. Ne2 Be7 10. Rg1 Qc7 11. N2g3 Nd7 12. Qe2 Nf4 13. Qe3 Nh3 14. Rg2 Nb6 15.
Bf1 Nd5 16. Qd2 O-O-O 17. Re2 Nhf4 18. Rf2 e5 19. a3 exd4 20. Qxd4 c5 21. Qa4
Qb6 22. c4 f5 23. gxf6 Be8 24. Qc2 Ne6 25. fxe7 Nxe7 26. Bh3 Kb8 27. Bxe6 Qxe6
28. Bf4+ Ka8 29. Rd2 Bg6 30. O-O-O Qb6 31. Rxd8+ Rxd8 32. Rxd8+ Qxd8 33. Qd2
Qc8 34. Qd6 Qe8 35. Qe5 b6 36. Bg5 Qa4 37. Bxe7 Qxc4+ 38. Qc3 Qa2 39. Qd3 Bf7
40. Nc3 Qe6 41. Qe4+ 1-0

[Event "4NCL 3 South pool A"]
[Site "Telford, ENG"]
[Date "2018.02.10"]
[Round "5.31"]
[White "Pickard, Charles"]
[Black "Britton, Richard L"]
[Result "1/2-1/2"]
[WhiteElo "2177"]
[BlackElo "2255"]
[PlyCount "88"]
[EventDate "2018.02.10"]

1. c4 Nf6 2. Nf3 g6 3. g3 Bg7 4. Bg2 O-O 5. O-O d6 6. d4 Nc6 7. d5 Na5 8. Nfd2
c5 9. a3 Ng4 10. Ra2 Ne5 11. Qc2 Bf5 12. e4 Bd7 13. h3 b5 14. b3 bxc4 15. bxc4
Qe8 16. Bb2 Rb8 17. Bxe5 Bxe5 18. Nc3 Qc8 19. Kh2 Qa6 20. Ne2 Bg7 21. Nc1 Rb6
22. Re1 Rfb8 23. e5 Bxe5 24. Rxe5 dxe5 25. Nd3 Qc8 26. Nxe5 Nb3 27. Ndf3 Bf5
28. Qc3 Bd7 29. Qe3 f6 30. Qh6 Be8 31. Re2 Qc7 32. h4 Nd4 33. Nxd4 cxd4 34. Nc6
Rxc6 35. dxc6 Bf7 36. h5 e6 37. hxg6 hxg6 38. Re4 f5 39. Rh4 Qe5 40. c7 Rc8 41.
Qg5 Kg7 42. f4 Qxc7 43. Qh6+ Kf6 44. Qg5+ Kg7 1/2-1/2

[Event "4NCL 3 South pool A"]
[Site "Telford, ENG"]
[Date "2018.02.10"]
[Round "5.32"]
[White "Mackle, Dominic"]
[Black "Hall, John"]
[Result "0-1"]
[WhiteElo "2190"]
[BlackElo "2252"]
[PlyCount "76"]
[EventDate "2018.02.10"]

1. d4 Nf6 2. Bf4 c5 3. d5 d6 4. Nc3 g6 5. e4 Bg7 6. Nf3 Bg4 7. Bd3 a6 8. h3
Bxf3 9. Qxf3 Nbd7 10. Qd1 b5 11. a3 c4 12. Be2 Nc5 13. Bf3 Nfd7 14. Qd2 O-O 15.
Bh6 Bxh6 16. Qxh6 e5 17. dxe6 fxe6 18. O-O Ne5 19. Be2 Ra7 20. Qe3 g5 21. Rad1
Rd7 22. g3 Qf6 23. Kg2 Ng6 24. Rd2 Nf4+ 25. gxf4 gxf4 26. Qf3 Rg7+ 27. Kh1 Nd7
28. Rg1 Rxg1+ 29. Kxg1 Ne5 30. Qh5 f3 31. Bf1 Kh8 32. Kh1 Rg8 33. h4 Qf4 34.
Nd5 exd5 35. Qf5 Qxh4+ 36. Bh3 dxe4 37. Rxd6 Ng4 38. Qe5+ Nxe5 0-1

[Event "4NCL 3 South pool A"]
[Site "Telford, ENG"]
[Date "2018.02.10"]
[Round "5.33"]
[White "Mossong, Hubert"]
[Black "Cenal Gutierrez, Ruben"]
[Result "1/2-1/2"]
[WhiteElo "2095"]
[BlackElo "2146"]
[PlyCount "98"]
[EventDate "2018.02.10"]

1. e4 c5 2. Nc3 e6 3. g3 a6 4. Bg2 b5 5. d3 Bb7 6. Nge2 b4 7. Nb1 d5 8. O-O
dxe4 9. dxe4 Qxd1 10. Rxd1 Nd7 11. Nd2 Ngf6 12. Nc4 Bxe4 13. Bxe4 Nxe4 14. Rxd7
Kxd7 15. Nb6+ Kc6 16. Nxa8 Be7 17. f3 Nf6 18. a3 bxa3 19. Rxa3 Rxa8 20. c4 Nd7
21. Kf2 Bf6 22. b3 Ne5 23. Ke3 Kb7 24. Ra2 Nc6 25. Ba3 Kb6 26. Rd2 Rd8 27. Rxd8
Nxd8 28. Kd3 Nc6 29. f4 h5 30. h3 g6 31. g4 Nd4 32. Nxd4 Bxd4 33. Bc1 Kc6 34.
Bd2 f5 35. gxf5 gxf5 36. Be1 Bf6 37. Bf2 $11 37... e5 38. fxe5 Bxe5 39. Bh4 Bf4
40. Be7 Bd6 41. Bf6 Kd7 42. Ke3 Ke6 43. Bc3 Kf7 44. Kf3 Kg6 45. Bd2 Kf6 46.
Bc3+ Kg5 47. Be1 Be5 48. Bf2 Bd4 49. Be1 f4 1/2-1/2

[Event "4NCL 3 South pool A"]
[Site "Telford, ENG"]
[Date "2018.02.10"]
[Round "5.34"]
[White "Chin, Francis"]
[Black "Taylor, Mark V"]
[Result "1/2-1/2"]
[WhiteElo "2072"]
[BlackElo "1945"]
[PlyCount "46"]
[EventDate "2018.02.10"]

1. d4 e6 2. Nf3 f5 3. Nc3 Nf6 4. Bg5 Be7 5. e3 b6 6. Bd3 Bb7 7. Qe2 O-O 8. O-O
Ne4 9. Bxe7 Nxc3 10. bxc3 Qxe7 11. a4 Nc6 12. e4 fxe4 13. Qxe4 g6 14. Qg4 Qg7
15. Rae1 Rf6 16. Ne5 Raf8 17. Re3 Rf4 18. Qe2 Nxe5 19. Rxe5 a5 20. Be4 Rxe4 21.
Rxe4 Bxe4 22. Qxe4 Qf7 23. f3 Qf4 1/2-1/2

[Event "4NCL 3 South pool A"]
[Site "Telford, ENG"]
[Date "2018.02.10"]
[Round "5.35"]
[White "Hickman, John E"]
[Black "Conway, Paul Bernard"]
[Result "1/2-1/2"]
[WhiteElo "1922"]
[BlackElo "1855"]
[PlyCount "89"]
[EventDate "2018.02.10"]

1. e4 e6 2. d3 c5 3. Nf3 Nc6 4. g3 g6 5. Bg2 Bg7 6. O-O Nge7 7. c3 d5 8. Nbd2
O-O 9. Re1 b5 10. e5 Nf5 11. Nf1 h6 12. h4 Bb7 13. Bf4 Rc8 14. Qd2 Kh7 15. N1h2
Qe7 16. Ng4 Rfd8 17. Nfh2 Rd7 18. a4 b4 19. Ne3 Na5 20. Nxf5 gxf5 21. Qe2 Nb3
22. Rad1 Bc6 23. Qh5 Rg8 24. g4 fxg4 25. Nxg4 Qf8 26. Re3 Bxa4 27. Rg3 Nd4 28.
Bxh6 Ne2+ 29. Kh2 Nxg3 30. fxg3 Bxh6 31. Nf6+ Kh8 32. Ra1 Bb5 33. c4 Bc6 34.
cxd5 exd5 35. Ra6 Rc7 36. Nxd5 Rc8 37. Ne7 Rg6 38. Nxc8 Qxc8 39. Rxc6 Rxc6 40.
Bxc6 Qxc6 41. Qxf7 Qa8 42. e6 Qf8 43. Qg6 Qf2+ 44. Kh3 Qf1+ 45. Kh2 1/2-1/2

[Event "4NCL 3 South pool A"]
[Site "Telford, ENG"]
[Date "2018.02.10"]
[Round "5.36"]
[White "Khalilov, Rauf"]
[Black "Bourne, Iain"]
[Result "1-0"]
[WhiteElo "1840"]
[BlackElo "1870"]
[PlyCount "29"]
[EventDate "2018.02.10"]

1. Nf3 c5 2. g3 g6 3. Bg2 Bg7 4. d3 Nc6 5. e4 d6 6. c3 e5 7. O-O Nge7 8. Bg5
Be6 9. Na3 Qd7 10. Re1 O-O 11. Qd2 f5 12. Bh6 d5 13. Bxg7 Kxg7 14. exd5 Bxd5
15. Nxe5 1-0

[Event "4NCL 3 South pool A"]
[Site "Telford, ENG"]
[Date "2018.02.10"]
[Round "5.41"]
[White "Fletcher, John"]
[Black "Nettleton, Charlie B"]
[Result "0-1"]
[WhiteElo "1943"]
[BlackElo "2162"]
[PlyCount "48"]
[EventDate "2018.02.10"]

1. d4 d5 2. e4 e6 3. Nd2 Nc6 4. Ngf3 Nf6 5. e5 Nd7 6. c3 f6 7. exf6 Qxf6 8. Bb5
Bd6 9. O-O O-O 10. Qa4 Nb6 11. Qb3 Kh8 12. a4 a6 13. Bd3 a5 14. Qc2 e5 15. Bxh7
Bg4 16. h3 Bh5 17. c4 e4 18. Bxe4 dxe4 19. Nxe4 Nxd4 20. Nxf6 Nxc2 21. Nxh5
Nxa1 22. Be3 Nb3 23. Nd4 Nxc4 24. Nxb3 Nxe3 0-1

[Event "4NCL 3 South pool A"]
[Site "Telford, ENG"]
[Date "2018.02.10"]
[Round "5.42"]
[White "Rich, Mark C"]
[Black "Adams, Mark"]
[Result "0-1"]
[WhiteElo "2083"]
[BlackElo "1935"]
[PlyCount "74"]
[EventDate "2018.02.10"]

1. e4 c5 2. Nf3 a6 3. c3 e6 4. d4 d5 5. e5 Bd7 6. Be3 c4 7. Nbd2 Nc6 8. Be2
Nge7 9. O-O Nf5 10. g4 Nxe3 11. fxe3 Be7 12. Qe1 O-O 13. e4 f6 14. exf6 Bxf6
15. Qg3 Qb8 16. Qg2 Qf4 17. Kh1 Rad8 18. Rad1 Qc7 19. g5 Be7 20. Nh4 Rf4 21.
exd5 exd5 22. Qxd5+ Kh8 23. Rxf4 Qxf4 24. Ng2 Qf2 25. Qf3 Rf8 26. Qxf2 Rxf2 27.
Bxc4 Bh3 28. Bf1 Bg4 29. Re1 Rxd2 30. h4 g6 31. Kg1 Bd6 32. Re8+ Kg7 33. Bc4
Ne7 34. Ne3 Bd7 35. Rd8 Bh2+ 36. Kh1 Bc6+ 37. d5 Bc7 0-1

[Event "4NCL 3 South pool A"]
[Site "Telford, ENG"]
[Date "2018.02.10"]
[Round "5.43"]
[White "Davies, Peter"]
[Black "Starley, Robert"]
[Result "0-1"]
[WhiteElo "1988"]
[BlackElo "2080"]
[PlyCount "138"]
[EventDate "2018.02.10"]

1. e4 e5 2. Nf3 Nc6 3. Bb5 a6 4. Ba4 b5 5. Bb3 Na5 6. Nxe5 Nxb3 7. axb3 Qe7 8.
d4 d6 9. Nf3 Qxe4+ 10. Be3 Bb7 11. O-O Be7 12. c4 Qg4 13. cxb5 axb5 14. Rxa8+
Bxa8 15. Nbd2 Nf6 16. Qe2 Qd7 17. Bg5 O-O 18. Re1 Bd8 19. Bxf6 Bxf6 20. Ne4 Bd8
21. b4 Bd5 22. Nc3 Bc4 23. Qe3 Qf5 24. d5 Bxd5 25. Nd4 Qh5 26. Ndxb5 Bc4 27.
Nd4 Bg5 28. f4 Bf6 29. Ne4 Bd8 30. Nc6 Bh4 31. g3 Bd5 32. Nd4 Bd8 33. Nc3 Bb7
34. Ne4 Qd5 35. Nf3 Kh8 36. Ned2 Bf6 37. b3 c5 38. bxc5 dxc5 39. Qe8 Bd4+ 40.
Kg2 Kg8 41. Qe4 Qd7 42. Qe7 Qb5 43. Qe2 Qb4 44. Qd3 Bc6 45. Kh3 Bc3 46. Re3 Bf6
47. Ne4 Bd8 48. Ned2 Qb7 49. g4 Qc8 50. Ne5 h5 51. Qf5 Qxf5 52. gxf5 Bb5 53.
Ndc4 Re8 54. Nd6 Bf1+ 55. Kg3 Re7 56. Kf2 Ba6 57. Ndxf7 Rxf7 58. Nxf7 Kxf7 59.
Re5 h4 60. Ke1 $11 60... Be7 61. Kd2 Bc8 62. Ke3 Kf6 63. Ke4 Bd7 64. Ke3 Bxf5
65. Rd5 Be6 66. Rd3 Kf5 67. Kf3 Bf6 68. h3 Bd4 69. Rd1 Bxb3 0-1

[Event "4NCL 3 South pool A"]
[Site "Telford, ENG"]
[Date "2018.02.10"]
[Round "5.44"]
[White "Gooding, Ian"]
[Black "Hughes, Anthony"]
[Result "1-0"]
[WhiteElo "2007"]
[BlackElo "1911"]
[PlyCount "127"]
[EventDate "2018.02.10"]

1. e4 c6 2. c4 d5 3. exd5 cxd5 4. cxd5 Nf6 5. Nc3 Nxd5 6. Nf3 Nc6 7. Bb5 e6 8.
O-O Be7 9. d4 O-O 10. a3 Qc7 11. Qc2 Rd8 12. Bd3 Nf6 13. Be3 b6 14. Ne4 Bb7 15.
Nxf6+ Bxf6 16. Bxh7+ Kh8 17. Be4 Rac8 18. Rac1 Qd7 19. Bxc6 Bxc6 20. Qd1 Qd5
21. Qd2 Rg8 22. Bg5 Qf5 23. Qf4 Bxf3 24. Qh4+ Qh7 25. Bxf6 Bxg2 26. Qxh7+ Kxh7
27. Kxg2 gxf6+ 28. Kf3 Kg6 29. Rg1+ Kf5 30. Rxg8 Rxg8 31. Rc7 Rd8 32. Ke3 Rh8
33. Rxa7 Rxh2 34. Rb7 Rh3+ 35. f3 Rh1 36. Rxb6 Re1+ 37. Kd2 Rf1 38. Ke2 Ra1 39.
Rb7 Ra2 40. Ke3 Ra1 41. Rxf7 Re1+ 42. Kd2 Rh1 43. a4 Rh2+ 44. Kc3 Rh3 45. a5
Rxf3+ 46. Kc4 Rf4 47. Kc5 Rf2 48. b4 Rc2+ 49. Kb5 Rd2 50. Rd7 e5 51. d5 e4 52.
a6 e3 53. Kc6 Ke4 54. a7 Ra2 55. Kb7 f5 56. d6 f4 57. Re7+ Kf3 58. d7 Kf2 59.
d8=Q f3 60. a8=Q Rxa8 61. Kxa8 e2 62. Qd4+ Kf1 63. Qe3 Kg2 64. Rg7+ 1-0

[Event "4NCL 3 South pool A"]
[Site "Telford, ENG"]
[Date "2018.02.10"]
[Round "5.45"]
[White "Dixon, Chris"]
[Black "Chan, Nevil"]
[Result "1/2-1/2"]
[WhiteElo "1806"]
[BlackElo "2007"]
[PlyCount "63"]
[EventDate "2018.02.10"]

1. Nf3 b6 2. g3 Bb7 3. d3 e6 4. Bg2 Nf6 5. O-O Be7 6. e4 d6 7. Nbd2 O-O 8. Re1
c5 9. c3 Qc7 10. Qc2 Nc6 11. Nf1 Rac8 12. h3 Ne5 13. Nxe5 dxe5 14. c4 Nd7 15.
h4 Nb8 16. Nh2 Nc6 17. a3 Rcd8 18. Be3 Bc8 19. Qe2 Bd7 20. h5 Be8 21. h6 g6 22.
Rad1 f6 23. Bh3 Bf7 24. Kh1 Rd6 25. g4 g5 26. Nf3 Kh8 27. Bf1 a5 28. Qd2 Rg8
29. Be2 Rg6 30. Kg2 Rxh6 31. Rh1 Rxh1 32. Rxh1 {
Unable to read remaining moves Drawn in 51 .} 1/2-1/2